5HLuxD.jpg

KING HENRY VIII SENIOR AND PRIMARY SCHOOL LIBRARY OPAC

Otto Tattercoat and the forest of lost things / (Record no. 1777)

000 -LEADER
fixed length control field 00795nam a22002778i 4500
001 - CONTROL NUMBER
control field 022332323
003 - CONTROL NUMBER IDENTIFIER
control field UkOxU
005 - DATE AND TIME OF LATEST TRANSACTION
control field 20230127102230.0
008 - FIXED-LENGTH DATA ELEMENTS--GENERAL INFORMATION
fixed length control field 191007s2020 enk j 000|f|eng|d
015 ## - NATIONAL BIBLIOGRAPHY NUMBER
National bibliography number GBB9J4978
Source bnb
016 7# - NATIONAL BIBLIOGRAPHIC AGENCY CONTROL NUMBER
Record control number 019633851
Source Uk
020 ## - INTERNATIONAL STANDARD BOOK NUMBER
International Standard Book Number 9781407184913
Qualifying information paperback
035 ## - SYSTEM CONTROL NUMBER
System control number (Uk)019633851
040 ## - CATALOGING SOURCE
Original cataloging agency StDuBDS
Language of cataloging eng
Description conventions rda
Transcribing agency StDuBDS
Modifying agency UkOxU
-- KH8
082 04 - DEWEY DECIMAL CLASSIFICATION NUMBER
Classification number 823.92 WOO
Edition number 23
100 1# - MAIN ENTRY--PERSONAL NAME
Personal name Woods, Matilda,
Relator term author.
245 10 - TITLE STATEMENT
Title Otto Tattercoat and the forest of lost things /
Statement of responsibility, etc. Matilda Woods.
264 #1 - PRODUCTION, PUBLICATION, DISTRIBUTION, MANUFACTURE, AND COPYRIGHT NOTICE
Place of production, publication, distribution, manufacture London :
Name of producer, publisher, distributor, manufacturer Scholastic,
Date of production, publication, distribution, manufacture, or copyright notice 2020.
300 ## - PHYSICAL DESCRIPTION
Extent 1 volume ;
Dimensions 19 cm
336 ## - CONTENT TYPE
Content type term text
Source rdacontent
337 ## - MEDIA TYPE
Media type term unmediated
Source rdamedia
338 ## - CARRIER TYPE
Carrier type term volume
Source rdacarrier
655 #0 - INDEX TERM--GENRE/FORM
Genre/form data or focus term Adventure stories.
655 #0 - INDEX TERM--GENRE/FORM
Genre/form data or focus term Children's stories.
942 ## - ADDED ENTRY ELEMENTS (KOHA)
Source of classification or shelving scheme
Koha item type Books - Non Ficton
Holdings
Withdrawn status Lost status Source of classification or shelving scheme Damaged status Not for loan Collection code Permanent Location Current Location Shelving location Date acquired Total Checkouts Full call number Barcode Date due Date last seen Date last checked out Price effective from Koha item type Total Renewals
          Non-Fiction KH8 Primary School Library KH8 Primary School Library Non Fiction 2023-01-27 1 823.92 WOO KHPL000003528 2023-11-24 2023-11-15 2023-11-15 2023-01-27 Books - Non Ficton  
            KH8 Primary School Library KH8 Primary School Library   2023-01-27 7 823.92 WOO KHPL000003545   2025-12-05 2025-01-13 2023-01-27 Books - Non Ficton 1

Powered By KH8 IT Dept